[Event "Hamar op"]
[Site "Hamar"]
[Date "1983.??.??"]
[Round "7"]
[White "De Firmian, Nick E"]
[Black "Kudrin, Sergey"]
[Result "1-0"]
[WhiteElo "2475"]
[BlackElo "2505"]

1.e4 c5 2.Nf3 d6 3.d4 cxd4 4.Nxd4 Nf6 5.Nc3 g6 6.Be3 Bg7 7.f3 Nc6 8.Qd2 O-O
9.Bc4 Bd7 10.O-O-O Rc8 11.Bb3 Ne5 12.h4 h5 13.Rdg1 Qa5 14.Kb1 Nc4 15.Bxc4 Rxc4
16.Nb3 Qa6 17.Bh6 b5 18.g4 b4 19.Nd1 Ba4 20.Bxg7 Kxg7 21.gxh5 Bxb3 22.axb3 Rc5
23.hxg6 Ra5 24.c4 bxc3 25.Nxc3 Rb8 26.h5 Nxh5 27.gxf7+ Kxf7 28.Kc2 Nf6 29.Qh6 Rf8
30.b4 Re5 31.f4 Rxe4 32.Qg6+ Ke6 33.b5 Qb7 34.Nxe4 Qxe4+ 35.Qxe4+ Nxe4 36.Ra1 Rf5
37.Rxa7 Rc5+ 38.Kb3 Rxb5+ 39.Ka3 Rf5 40.Rh7 Rxf4 41.Raxe7+ Kd5 42.Rh3 Kd4
43.Rc7 d5 44.b4 Nd6 45.Rc1 Rf2 46.Kb3 Rf4 47.Rd1+ Ke5 48.Re3+ Re4 49.Rxe4+ dxe4
50.Kc3 Nb5+ 51.Kc4 Na3+ 52.Kc5 e3 53.Rd3 Nc2 54.Rd8 Kf4 55.Rf8+ Ke4 56.b5 e2
57.Re8+ Kd3 58.Rxe2 Kxe2 59.b6 Ne1 60.b7 Nd3+ 61.Kb5  1-0

[Event "Hamar op"]
[Site "Hamar"]
[Date "1983.??.??"]
[Round "8"]
[White "Bass, Leonid"]
[Black "De Firmian, Nick E"]
[Result "0-1"]
[WhiteElo "2405"]
[BlackElo "2475"]

1.d4 Nf6 2.c4 e6 3.Nc3 Bb4 4.e3 b6 5.Ne2 Ba6 6.Qa4 c5 7.a3 Bxc3+ 8.Nxc3 O-O
9.d5 exd5 10.cxd5 Bxf1 11.Kxf1 d6 12.e4 Nbd7 13.Bf4 Qe7 14.Re1 a6 15.g3 b5
16.Qa5 Nh5 17.h4 Rfe8 18.Re3 Ndf6 19.Bg5 h6 20.Bxf6 Nxf6 21.f3 Nd7 22.f4 c4
23.Kg2 Nc5 24.Re2 Qb7 25.Rd1 Rab8 26.Kh2 f6 27.e5 fxe5 28.fxe5 Rxe5 29.Rxe5 dxe5
30.a4 Nd3 31.Rf1 Qb6 32.Qxb6 Rxb6 33.axb5 axb5 34.Ne4 Nxb2 35.d6 Nd3 36.d7 Rb8  0-1

[Event "Vrnjacka Banja"]
[Site "Vrnjacka Banja"]
[Date "1983.??.??"]
[Round "2"]
[White "Abramovic, Bosko"]
[Black "De Firmian, Nick E"]
[Result "0-1"]
[WhiteElo "2475"]
[BlackElo "2475"]

1.e4 c5 2.Nf3 d6 3.d4 cxd4 4.Nxd4 Nf6 5.Nc3 a6 6.Be2 e5 7.Nb3 Be7 8.O-O O-O
9.Be3 Be6 10.Qd2 b5 11.a4 b4 12.Nd5 Nxe4 13.Nxe7+ Qxe7 14.Qxb4 f5 15.Na5 Qc7
16.f3 Nf6 17.Bb6 Qd7 18.Bc4 d5 19.Bb3 Nc6 20.Nxc6 Qxc6 21.Rfe1 Nd7 22.a5 e4
23.Ba4 Qb7 24.Qd6 Rae8 25.c4 dxc4 26.Rad1 Rf7 27.fxe4 f4 28.Bc6 Qb8 29.Qxb8 Rxb8
30.Rd6 Nf8 31.Red1 f3 32.Rd8 f2+ 33.Bxf2 Rxb2 34.Bc5 c3 35.Bd4 Ra2 36.Be8 Rc7
37.Rf1 c2 38.Bd7 Bf7 39.Be6 h5  0-1

[Event "Vrnjacka Banja"]
[Site "Vrnjacka Banja"]
[Date "1983.??.??"]
[Round "5"]
[White "Skembris, Spyridon"]
[Black "De Firmian, Nick E"]
[Result "1/2-1/2"]
[WhiteElo "2405"]
[BlackElo "2475"]

1.d4 Nf6 2.c4 e6 3.Nf3 c5 4.g3 cxd4 5.Nxd4 Nc6 6.Bg2 Qb6 7.Nc2 d5 8.cxd5 exd5
9.O-O Be7 10.Nc3 Be6 11.Ne3 d4 12.Ned5 Nxd5 13.Nxd5 Bxd5 14.Bxd5 O-O 15.Qb3 Qxb3
16.Bxb3 Rfd8 17.Rd1 Bf6 18.Rb1 Rac8 19.Bd2 d3 20.exd3 Rxd3 21.Be3 Rxd1+ 22.Rxd1 Rc7
23.Ba4 h6 24.Bxc6 Rxc6 25.Rd7 Ra6 26.Rxb7 Rxa2 27.b4 a6 28.Kg2 Rb2 29.Rb6 Be7
30.Rb8+ Kh7 31.Rb7 Bd6  1/2-1/2

[Event "Vrnjacka Banja"]
[Site "Vrnjacka Banja"]
[Date "1983.??.??"]
[Round "7"]
[White "Radulov, Ivan"]
[Black "De Firmian, Nick E"]
[Result "1/2-1/2"]
[WhiteElo "2495"]
[BlackElo "2475"]

1.e4 c5 2.Nf3 d6 3.d4 cxd4 4.Nxd4 Nf6 5.Nc3 a6 6.f4 e5 7.Nb3 Nbd7 8.a4 b6
9.Bd3 Bb7 10.O-O Be7 11.Qe2 O-O 12.Bd2  1/2-1/2

[Event "Vrnjacka Banja"]
[Site "Vrnjacka Banja"]
[Date "1983.??.??"]
[Round "9"]
[White "Jansa, Vlastimil"]
[Black "De Firmian, Nick E"]
[Result "0-1"]
[WhiteElo "2440"]
[BlackElo "2475"]

1.e4 c5 2.Nf3 d6 3.d4 cxd4 4.Nxd4 Nf6 5.Nc3 g6 6.g3 Nc6 7.Nde2 Bg7 8.Bg2 Bd7
9.h3 O-O 10.O-O Rc8 11.Nd5 Nxd5 12.exd5 Ne5 13.a4 Qc7 14.Nd4 Qc5 15.c3 a6
16.Re1 Rfe8 17.Nc2 Qa5 18.Ra2 b5 19.Nb4 bxa4 20.Be3 Qb5 21.Bd4 a5 22.Bf1 Qb8
23.Bxe5 Bxe5 24.Nc6 Bxc6 25.dxc6 Rxc6 26.Qxa4 Rc5 27.b4 Rxc3 28.bxa5 Rec8
29.a6 Qa7 30.Kg2 Kg7 31.Rb1 R8c7 32.Qe8 Qd4 33.Re2 Qd5+ 34.Kh2 Rc1 35.Rxc1 Rxc1
36.a7 Rxf1  0-1

[Event "Vrnjacka Banja"]
[Site "Vrnjacka Banja"]
[Date "1983.??.??"]
[Round "11"]
[White "Paunovic, Dragan"]
[Black "De Firmian, Nick E"]
[Result "1-0"]
[WhiteElo "2320"]
[BlackElo "2475"]

1.d4 Nf6 2.c4 e6 3.Nf3 c5 4.d5 exd5 5.cxd5 d6 6.Nc3 g6 7.Bg5 Bg7 8.e3 h6
9.Bh4 O-O 10.Nd2 Na6 11.Bc4 Nc7 12.a4 Rb8 13.O-O a6 14.a5 b5 15.axb6 Rxb6
16.Bb3 Rb4 17.Nc4 Bd7 18.Bg3 Bb5 19.Nxb5 axb5 20.Na5 Qd7 21.Nc6 Re4 22.Ra7 Ree8
23.Qd2 Ra8 24.Rfa1 Ne4 25.Qe2 c4 26.Bc2 Nc5 27.Qd2 Rxa7 28.Rxa7 Bxb2 29.Qb4 Bg7
30.h3 Rc8 31.e4 c3 32.Qa3 Kh8 33.f3 g5 34.Be1 N5e6 35.Bxc3 Nf4 36.Bxg7+ Kxg7
37.Qb2+ Kg6 38.e5+ Kh5 39.Bf5 Qe8 40.g4+ Kh4 41.Qf2+  1-0

[Event "Vrnjacka Banja"]
[Site "Vrnjacka Banja"]
[Date "1983.??.??"]
[Round "14"]
[White "De Firmian, Nick E"]
[Black "Ristic, Nenad"]
[Result "1-0"]
[WhiteElo "2475"]
[BlackElo "2365"]

1.e4 e5 2.Nf3 Nf6 3.Nxe5 d6 4.Nf3 Nxe4 5.d4 d5 6.Bd3 Be7 7.O-O Nc6 8.Re1 Bg4
9.c4 Nf6 10.cxd5 Bxf3 11.Qxf3 Qxd5 12.Qxd5 Nxd5 13.Nc3 Ndb4 14.Be4 Nxd4 15.Bf4 c6
16.Be5 Ndc2 17.Bxg7 Rg8 18.Bxc2 Nxc2 19.Bf6 O-O-O 20.Bxe7 Rde8 21.Rec1 Nxa1
22.Nd5 Kd7 23.Nf6+ Kxe7 24.Nxg8+ Rxg8 25.Rxa1 Rd8 26.g3 Rd2 27.b3 Kd6 28.Kg2 Kc5
29.Re1 Rxa2 30.Re7 b5 31.Rxf7 h6 32.h4 a5 33.h5 Rd2 34.g4 Kb4 35.Rf6 c5 36.Rxh6 Kxb3
37.Rc6 c4 38.h6 Rd8 39.g5 Rh8 40.g6 Rxh6 41.g7 Rxc6 42.g8=Q Ka3 43.Qd5 Rg6+
44.Kf1 Kb4 45.Qd2+ c3 46.Qd4+ Kb3 47.Qd5+ Ka3 48.Qxb5 c2 49.Qc4 Kb2 50.Qb4+ Ka2
51.Qxa5+ Kb2 52.Qb4+ Ka2 53.Qc3 Kb1 54.Qb3+ Kc1 55.Ke2 Ra6 56.f3 Ra8 57.Qe3+ Kb1
58.Qb6+ Kc1 59.Qg1+ Kb2 60.Qd4+ Kb1 61.Qb4+ Kc1 62.Kf2 Rd8 63.f4 Rd7 64.f5 Rf7
65.Qa3+ Kd1 66.Qd3+ Kc1 67.Ke2 Re7+ 68.Kf3 Rf7 69.Qf1+ Kd2 70.Qf2+ Kd1 71.Qd4+ Kc1
72.Ke2 Re7+ 73.Kd3 Rb7 74.Qa1+ Rb1 75.Qc3  1-0

[Event "Vrsac"]
[Site "Vrsac"]
[Date "1983.??.??"]
[Round "?"]
[White "De Firmian, Nick E"]
[Black "Bjelajac, Milan"]
[Result "1-0"]
[WhiteElo "2520"]
[BlackElo "2405"]

1.e4 e6 2.d4 d5 3.Nc3 Nc6 4.Nf3 Nf6 5.exd5 exd5 6.Bb5 Bg4 7.h3 Bxf3 8.Qxf3 a6
9.Bxc6+ bxc6 10.O-O Be7 11.Re1 O-O 12.Bg5 h6 13.Bh4 Re8 14.Re2 Nh7 15.Rae1 g5
16.Bg3 Qd7 17.Qg4 Qxg4 18.hxg4 Kf8 19.Bxc7 Nf6 20.Rxe7 Rxe7 21.Bd6 Ng8 22.Na4 Ke8
23.Bxe7 Nxe7 24.f3 Rb8 25.b3 Kd8 26.Kf2 a5 27.Ke3 Kd7 28.Kd3 Kd6 29.Nc5 Ng6
30.g3 Ne7 31.Kc3 Ng8 32.Kd2 Nf6 33.Rh1 Ng8 34.c3 Ra8 35.Re1 Kc7 36.Re5 Rf8
37.c4 dxc4 38.bxc4 Ra8 39.Kc3 a4 40.Rf5 f6 41.Ne4 a3 42.Nxf6 Nxf6 43.Rxf6 Rb8
44.Rf7+ Kd6 45.c5+ Ke6 46.Rc7 Rb2 47.Rxc6+ Kd7 48.Rxh6 Rxa2 49.Ra6 Ra1 50.Kc4  1-0

[Event "Vrsac"]
[Site "Vrsac"]
[Date "1983.??.??"]
[Round "?"]
[White "De Firmian, Nick E"]
[Black "Djuric, Stefan"]
[Result "1/2-1/2"]
[WhiteElo "2520"]
[BlackElo "2500"]

1.e4 e5 2.Nf3 Nc6 3.Bb5 a6 4.Ba4 Nf6 5.O-O Be7 6.Re1 b5 7.Bb3 O-O 8.c3 d6
9.h3 Na5 10.Bc2 c5 11.d4 Qc7 12.Nbd2 Bd7 13.Nf1 Nc4 14.Ng3 Rfe8 15.b3 Nb6
16.Be3 h6 17.Nd2 c4 18.Rc1 a5 19.bxc4 Nxc4 20.Nxc4 Qxc4 21.Bb3 Qc7 22.a4 bxa4
23.Bxa4 Reb8 24.Bxd7 Qxd7 25.f4 exf4 26.Bxf4 Nh7 27.Nf5 Bg5 28.Bxg5 hxg5
29.Qf3 Rd8 30.Rf1 a4 31.c4 a3 32.c5 dxc5 33.dxc5 a2 34.c6 Qe6 35.Qg3 Rac8
36.Rc2 g6 37.Nh6+ Kg7 38.Ng4 Qxe4 39.Qc3+ Qd4+ 40.Qxd4+ Rxd4 41.Rxa2  1/2-1/2

[Event "Vrsac"]
[Site "Vrsac"]
[Date "1983.??.??"]
[Round "?"]
[White "De Firmian, Nick E"]
[Black "Smejkal, Jan"]
[Result "1/2-1/2"]
[WhiteElo "2520"]
[BlackElo "2560"]

1.e4 e5 2.Nf3 Nc6 3.Bb5 a6 4.Ba4 Nf6 5.O-O Be7 6.Re1 b5 7.Bb3 d6 8.c3 O-O
9.h3 Nb8 10.d4 Nbd7 11.Nbd2 Bb7 12.Bc2 Re8 13.Nf1 d5 14.dxe5 Nxe4 15.Ng3 Bc5
16.Nxe4 dxe4 17.Ng5 Nxe5 18.Qh5 h6 19.Nxe4 Nd3 20.Bxd3 Qxd3 21.Qxc5 Rxe4
22.Be3 Re6 23.Qxc7 Qd5 24.f3 Rg6 25.Rf1 Re8 26.Rad1 Qe6 27.Rde1 Qxh3 28.Bg5 Qc8
29.Qxc8 Rxc8 30.Be7 Bd5 31.a3 Bc4 32.Rf2 Re8 33.Rd2 Rc6 34.Rd7 Kh7 35.Kf2 Kg6
36.Ra7 h5 37.Re5 Be6 38.Bh4 Rec8 39.f4 f6 40.Re3 Re8 41.Rg3+ Kf5 42.Raxg7 Bc4
43.Rh7 Be2 44.Rf7 Bc4 45.Rh7 Be2 46.Rd7 Kxf4 47.Rd5 Rce6 48.b3 Re5 49.Rd6 R5e6
50.Rd5 Re5 51.Rxe5 Rxe5 52.Bxf6 Re6 53.Bg5+ Kf5 54.Be3 Bg4 55.Bd4 Re2+ 56.Kf1 Rb2
57.c4 Rb1+ 58.Kf2 bxc4 59.bxc4 Rc1  1/2-1/2

[Event "Vrsac"]
[Site "Vrsac"]
[Date "1983.??.??"]
[Round "?"]
[White "Ivanovic, Bozidar"]
[Black "De Firmian, Nick E"]
[Result "1-0"]
[WhiteElo "2515"]
[BlackElo "2520"]

1.e4 c5 2.Nc3 d6 3.Nf3 Nf6 4.d4 cxd4 5.Nxd4 a6 6.Bg5 e6 7.f4 Be7 8.Qf3 Qc7
9.O-O-O Nbd7 10.Qg3 b5 11.Bxf6 Bxf6 12.Bxb5 O-O 13.Bxd7 Bxd7 14.e5 dxe5 15.Ne4 exd4
16.Nxf6+ Kh8 17.Nh5 Rg8 18.Rxd4 Rac8 19.Qf2 Qa5 20.Kb1 Ba4 21.b3 Bxb3 22.axb3 Qxh5
23.h3 a5 24.Re1 Qg6 25.Qd2 a4 26.Rxa4 Rgd8 27.Rc4 Rb8 28.Rb4 Rbc8 29.Qf2 h6
30.g4 Qf6 31.Qe3 Rc3 32.Qe5 Qxe5 33.Rxe5 Rxh3 34.Rb7 Kg8 35.g5 hxg5 36.fxg5 Rg3
37.Kb2 Rg2 38.Rc5 f5 39.gxf6 gxf6 40.Re7 e5 41.Rc6 Rf8 42.b4 f5 43.b5 f4
44.b6 Rg7 45.Rxe5 f3 46.Re1 f2 47.Rf1 Rg5 48.Rc3 Rb5+ 49.Rb3 Rbf5 50.c4 Kf7
51.Re3 Rc8 52.Ka3 Rf6 53.Re2 Rxb6 54.Rexf2+ Ke7 55.Rf7+ Kd8 56.Ra7 Rc7 57.Rf8+ Ke7
58.Rxc7+ Kxf8 59.Rd7 Ke8 60.Rd5 Rb8 61.Ka4 Ke7 62.Rd4 Ke6 63.c5 Ke5 64.Rd1  1-0

[Event "Vrsac"]
[Site "Vrsac"]
[Date "1983.??.??"]
[Round "?"]
[White "De Firmian, Nick E"]
[Black "Kapelan, Milorad"]
[Result "1-0"]
[WhiteElo "2520"]
[BlackElo "2300"]

1.e4 e5 2.Nf3 Nf6 3.Nxe5 d6 4.Nf3 Nxe4 5.d4 d5 6.Bd3 Be7 7.O-O Bf5 8.c4 dxc4
9.Bxc4 Nd6 10.Bb3 O-O 11.Nc3 c6 12.Re1 Na6 13.Bf4 Nc7 14.Ne5 Ndb5 15.Nxb5 Nxb5
16.Qh5 Bg6 17.Nxg6 hxg6 18.Qxg6 Nxd4 19.Be5 Bf6 20.Bxf6 Qxf6 21.Qxf6 gxf6
22.Re7 b5 23.Rae1 a5 24.R1e4 Ne6 25.Bxe6 fxe6 26.Rg4+ Kh8 27.Rgg7 Rfe8 28.Rh7+ Kg8
29.Reg7+ Kf8 30.h4  1-0

[Event "USA-ch"]
[Site "Berkeley"]
[Date "1984.??.??"]
[Round "15"]
[White "De Firmian, Nick E"]
[Black "Browne, Walter S"]
[Result "1/2-1/2"]
[WhiteElo "2475"]
[BlackElo "2580"]

1.e4 c5 2.Nf3 d6 3.d4 cxd4 4.Nxd4 Nf6 5.Nc3 a6 6.f4 e5 7.Nf3 Nbd7 8.a4 Be7
9.Bd3 O-O 10.O-O Nc5 11.Qe1 Be6 12.Kh1 exf4 13.Bxf4 Rc8 14.Rd1 Qb6 15.Be3 Ng4
16.Nd5 Bxd5 17.Bxc5 dxc5 18.exd5 Rcd8 19.Ne5  1/2-1/2

[Event "Bor"]
[Site "Bor"]
[Date "1984.??.??"]
[Round "?"]
[White "De Firmian, Nick E"]
[Black "Arnason, Jon L"]
[Result "1-0"]
[WhiteElo "2475"]
[BlackElo "2505"]

1.Nf3 Nf6 2.d4 e6 3.c4 b6 4.a3 Bb7 5.Nc3 d5 6.cxd5 Nxd5 7.e3 g6 8.Bb5+ c6
9.Bc4 Bg7 10.O-O O-O 11.e4 Nxc3 12.bxc3 c5 13.Re1 Nc6 14.Bg5 Qc8 15.Ba2 Re8
16.Qd2 Na5 17.Qf4 Rf8 18.Be7 Re8 19.Bf6 Bxf6 20.Qxf6 Qd8 21.Qf4 cxd4 22.cxd4 Kg7
23.Ne5 Qf6 24.Qe3 h5 25.f4 Rac8 26.Re2 Rc7 27.f5 exf5 28.exf5 Nc6 29.fxg6 fxg6
30.Rf1 Qd6 31.Ref2 Ree7 32.Qg5 Nxd4 33.Nf7 Nf3+ 34.Rxf3 Qd4+ 35.Kh1 Bxf3
36.Qh6+ Kg8 37.Ng5+ Rc4 38.Nxf3 Qd3 39.Nd2 Rf7 40.Bxc4 Qxc4 41.Qxg6+  1-0

[Event "Bor"]
[Site "Bor"]
[Date "1984.??.??"]
[Round "?"]
[White "Kirov, Nino"]
[Black "De Firmian, Nick E"]
[Result "1/2-1/2"]
[WhiteElo "2430"]
[BlackElo "2475"]

1.d4 Nf6 2.Nf3 e6 3.c4 d5 4.cxd5 exd5 5.Nc3 c6 6.Bg5 Be7 7.e3 O-O 8.Bxf6 Bxf6
9.Bd3 Nd7 10.O-O Re8 11.Qc2 Nf8 12.h3  1/2-1/2

[Event "Bor"]
[Site "Bor"]
[Date "1984.??.??"]
[Round "?"]
[White "De Firmian, Nick E"]
[Black "Jansa, Vlastimil"]
[Result "1/2-1/2"]
[WhiteElo "2475"]
[BlackElo "2480"]

1.e4 e5 2.Nf3 Nc6 3.Bb5 a6 4.Ba4 Nf6 5.O-O Be7 6.Re1 b5 7.Bb3 O-O 8.a4 Bb7
9.d3 d6 10.Nc3 Na5 11.Ba2 b4 12.Ne2 c5 13.Bd2  1/2-1/2

[Event "Bor"]
[Site "Bor"]
[Date "1984.??.??"]
[Round "?"]
[White "De Firmian, Nick E"]
[Black "Kudrin, Sergey"]
[Result "0-1"]
[WhiteElo "2475"]
[BlackElo "2550"]

1.e4 c5 2.Nf3 d6 3.d4 cxd4 4.Nxd4 Nf6 5.Nc3 g6 6.Be3 Bg7 7.f3 Nc6 8.Qd2 O-O
9.g4 Be6 10.O-O-O Ne5 11.h4 Bc4 12.Bh3 Ba6 13.b3 Qa5 14.Kb1 Qa3 15.g5 Nh5
16.Bg4 e6 17.Bxh5 gxh5 18.f4 Ng4 19.f5 Rfc8 20.f6 Bf8 21.Nce2 Rc7 22.Rc1 Rac8
23.Rhd1 Rc5 24.Bg1 d5 25.exd5 Rxd5 26.c4 Rd7 27.Qc3 Qb4 28.Nc2 Qxc3 29.Nxc3 Rcd8
30.Bxa7 h6 31.gxh6 Rxd1 32.Rxd1 Rxd1+ 33.Nxd1 Nxf6 34.a4 Bxh6 35.Nde3 Ng4
36.Kb2 f5 37.Kc3 f4 38.Nd1 e5 39.b4 b6 40.Bxb6 e4 41.b5 Bc8 42.a5 e3 43.a6 Bg7+
44.Bd4 e2 45.Nb2 Ne3 46.Bxg7 Nxc2 47.Nd3 f3 48.Bd4 Nxd4 49.Kd2 Nc2 50.a7 Bb7
51.c5 e1=Q+ 52.Nxe1 f2 53.Nxc2 f1=Q 54.c6 Qf2+ 55.Kc3 Qc5+ 56.Kd2 Qxb5 57.cxb7 Qxb7  0-1

[Event "Bor"]
[Site "Bor"]
[Date "1984.??.??"]
[Round "?"]
[White "Pavlovic, Dean"]
[Black "De Firmian, Nick E"]
[Result "0-1"]
[WhiteElo "2265"]
[BlackElo "2475"]

1.e4 c5 2.Nf3 d6 3.d4 cxd4 4.Nxd4 Nf6 5.Nc3 a6 6.Be2 e5 7.Nb3 Be7 8.O-O O-O
9.Be3 Be6 10.f4 exf4 11.Bxf4 Nc6 12.Kh1 Rc8 13.Nd4 Qb6 14.Nxe6 fxe6 15.Bg4 Nxg4
16.Qxg4 Qxb2 17.Qxe6+ Kh8 18.Nd5 Rce8 19.Nxe7 Rxe7 20.Qxd6 Ref7 21.Rab1 Qc3
22.Rb3 Qc4 23.Rbf3 Rd8 24.Qa3 g5  0-1

[Event "Bor"]
[Site "Bor"]
[Date "1984.??.??"]
[Round "?"]
[White "Rogers, Ian"]
[Black "De Firmian, Nick E"]
[Result "1/2-1/2"]
[WhiteElo "2475"]
[BlackElo "2475"]

1.d4 Nf6 2.c4 e6 3.Nf3 c5 4.d5 exd5 5.cxd5 d6 6.Nc3 g6 7.Nd2 Bg7 8.e4 O-O
9.Be2 Na6 10.O-O Nc7 11.a4 Nd7 12.Nc4 Ne5 13.Bf4 Nxc4 14.Bxc4 a6 15.Qd3 Re8
16.Qg3 Bxc3 17.Bxd6 Nxd5 18.bxc3 Nxc3 19.Qf3 Be6 20.Bxe6 Rxe6 21.e5 Ne4 22.Qxe4 Qxd6
23.Qxb7 Qc6 24.Qxc6 Rxc6 25.Rfd1 Kf8 26.f4 c4 27.Kf2 Ke7 28.Ke3 c3 29.Rdc1 Ke6
30.Ra3 Rac8 31.Rc2 Kf5 32.g3 Kg4 33.Rb3 R8c7 34.a5 Rc5 35.Ra3 h5 36.Ra4 Kh3
37.Ra3 Kg4 38.Rb3 g5 39.Ra3 gxf4+ 40.gxf4 h4 41.Ra1 Kf5 42.Rg1 Rxa5 43.Rg5+ Ke6
44.Rg4 Ra1 45.Rxh4 Kd5 46.Kd3 Rd1+ 47.Ke2 Rd4 48.h3 Re4+ 49.Kd3 Rxf4 50.Rxc3 Rxc3+
51.Kxc3 Kxe5 52.Rh8 a5 53.Ra8 a4 54.Kd2 Rh4 55.Ke1 Rb4 56.Ra7 f5 57.Ra5+ Ke4
58.h4 f4 59.h5 Ke3 60.Re5+ Kf3 61.Ra5 Rb1+ 62.Kd2 Ra1 63.h6 Rh1 64.Ra6 Kg3
65.Ke2 f3+ 66.Ke3 Re1+ 67.Kd2 Re4 68.h7 Rh4 69.Ke3 Rxh7 70.Rg6+  1/2-1/2

[Event "Bor"]
[Site "Bor"]
[Date "1984.??.??"]
[Round "?"]
[White "Sahovic, Dragutin"]
[Black "De Firmian, Nick E"]
[Result "1/2-1/2"]
[WhiteElo "2430"]
[BlackElo "2475"]

1.d4 Nf6 2.c4 e6 3.Nf3 c5 4.d5 exd5 5.cxd5 d6 6.Nc3 g6 7.e4 Bg7 8.Bf4 O-O
9.Nd2 Ne8 10.Be2 f5 11.exf5 Bxf5 12.O-O Nd7 13.Nc4 Nb6 14.Ne3 Bc2 15.Qxc2 Rxf4
16.g3 Rf8 17.a4 Kh8 18.a5 Nd7 19.Nc4 Ndf6 20.f4 Nc7 21.Bf3 Qd7 22.Qa4 Qd8
23.Kg2 Rb8 24.Rfe1 b5 25.axb6 axb6 26.Qc6 b5 27.Nxd6 b4 28.Na4 c4 29.Nxc4 Nb5
30.Rad1 Nd7 31.Ne5 Nxe5 32.fxe5 Qa5 33.b3 Nc3 34.Nxc3 bxc3 35.Qa4 Qb6 36.Qe4 Qxb3
37.Rc1 Qa3 38.Rc2 Rf5 39.Qd4 Rb2 40.Bd1 Qa2 41.Ree2 Rxe5 42.Rxe5 Rxc2+ 43.Bxc2 Qxc2+
44.Kh3 Bxe5 45.Qxe5+ Kg8 46.d6 Qd3 47.Qe6+ Kg7 48.d7 Kh6 49.Qf7 Qd6 50.Qe8 c2
51.d8=Q Qxd8 52.Qxd8 c1=Q 53.Qf8+ Kg5 54.Qe7+ Kh6 55.Qf8+ Kg5 56.Qe7+ Kh6
57.Qh4+ Kg7  1/2-1/2

[Event "Politiken Cup"]
[Site "Copenhagen"]
[Date "1984.??.??"]
[Round "1"]
[White "Fuller, Maxwell L"]
[Black "De Firmian, Nick E"]
[Result "1/2-1/2"]
[WhiteElo "2335"]
[BlackElo "2515"]

1.d4 Nf6 2.Nf3 e6 3.Bg5 c5 4.Bxf6 Qxf6 5.Nc3 cxd4 6.Qxd4 Qxd4 7.Nxd4 a6 8.O-O-O Nc6
9.e3 d5 10.Na4 Nxd4 11.exd4 Bd6 12.Nb6 Rb8 13.Bd3 Bd7 14.Nxd7 Kxd7 15.Kb1 b5
16.f4 g6 17.Rdf1 Ke7 18.h4 Rbg8 19.Kc1 h6 20.Kd2 g5 21.hxg5 hxg5 22.Rxh8 Rxh8
23.f5 Rh2 24.Rf2 Bf4+ 25.Kc3 e5 26.dxe5 Bxe5+ 27.Kb3 Rh4 28.c3 f6 29.Rd2 Rf4
30.Kc2 g4 31.Rd1 g3 32.Rf1 Rh4 33.Be2 b4 34.Rd1 bxc3 35.bxc3 Rf4 36.Rf1 Ra4
37.Kb3 Ra5 38.a4 Rc5 39.Rf3 a5 40.Rd3 Rc4 41.Bf3 Rf4  1/2-1/2

[Event "Politiken Cup"]
[Site "Copenhagen"]
[Date "1984.??.??"]
[Round "2"]
[White "De Firmian, Nick E"]
[Black "Iskov, Gert"]
[Result "1-0"]
[WhiteElo "2515"]
[BlackElo "2370"]

1.c4 c5 2.Nf3 Nc6 3.d4 cxd4 4.Nxd4 Nf6 5.Nc3 e6 6.g3 Qb6 7.Nc2 Bc5 8.e3 d5
9.Bd2 Be7 10.Be2 O-O 11.O-O Rd8 12.cxd5 exd5 13.Na4 Qc7 14.Rc1 Bh3 15.Re1 Ne4
16.Nd4 Qd6 17.Nxc6 bxc6 18.Ba5 Re8 19.Rc2 Qe6 20.Qc1 Qf5 21.Bf1 Ng5 22.Bxh3 Nxh3+
23.Kf1 d4  1-0

[Event "Politiken Cup"]
[Site "Copenhagen"]
[Date "1984.??.??"]
[Round "3"]
[White "De Firmian, Nick E"]
[Black "Bjarnason, Saevar"]
[Result "1-0"]
[WhiteElo "2515"]
[BlackElo "2375"]

1.e4 e5 2.Nf3 Nc6 3.Bb5 a6 4.Ba4 Nf6 5.O-O Be7 6.Re1 b5 7.Bb3 d6 8.c3 O-O
9.h3 Na5 10.Bc2 c5 11.d4 Qc7 12.Nbd2 cxd4 13.cxd4 Nc6 14.Nb3 a5 15.Be3 a4
16.Nbd2 Be6 17.a3 Na5 18.Rc1 Rfc8 19.Bd3 Qb8 20.Ng5 Ba2 21.Rxc8+ Qxc8 22.f4 Nc4
23.Bxc4 Bxc4 24.fxe5 dxe5 25.dxe5 Ne8 26.Nxc4 Bxg5 27.Bxg5 bxc4 28.Qd5 h6
29.Be7 Ra7 30.Bb4 Qa6 31.Rd1 Nc7 32.Qd6 Ne6 33.Qxa6 Rxa6 34.Rd6 Ra7 35.Rc6 Rc7
36.Ra6 Nc5 37.Bxc5 Rxc5 38.Rxa4 Kf8 39.Kf2 Ke7 40.Ke3 c3 41.bxc3 Rxc3+ 42.Kf4 Rc2
43.Ra7+ Ke6 44.Ra6+ Ke7 45.Ra7+ Ke6 46.Ra6+ Ke7 47.g3 Rf2+ 48.Ke3 Rg2 49.Kf3 Rh2
50.h4 h5 51.a4 Ra2 52.a5 Ra1 53.Ke3 Rg1 54.Kd4 Rxg3 55.Ra7+ Ke6 56.Ra6+ Ke7
57.Kc5 g5 58.hxg5 Ra3 59.Kb4 Ra1 60.Rh6 Rh1 61.Kc5 h4 62.a6 h3 63.e6 h2 64.a7 Ra1
65.Kb6 Rb1+ 66.Kc7 Rc1+ 67.Kb7 Rb1+ 68.Kc6 Ra1 69.Rxh2 Rxa7 70.exf7 Ra6+
71.Kb7 Rg6 72.Rf2 Kf8 73.Rf5  1-0

[Event "Politiken Cup"]
[Site "Copenhagen"]
[Date "1984.??.??"]
[Round "4"]
[White "De Firmian, Nick E"]
[Black "Kovacs, Laszlo M"]
[Result "1-0"]
[WhiteElo "2515"]
[BlackElo "2345"]

1.e4 e5 2.Nf3 Nc6 3.Bb5 a6 4.Ba4 Nf6 5.O-O Be7 6.Re1 b5 7.Bb3 O-O 8.c3 d6
9.h3 Nb8 10.d4 Nbd7 11.Nbd2 Bb7 12.Bc2 Re8 13.Nf1 Bf8 14.Ng3 g6 15.a4 c5
16.d5 Nb6 17.Qe2 bxa4 18.Bxa4 Nxa4 19.Rxa4 Nd7 20.c4 Nb6 21.Ra3 Bc8 22.Bd2 Rb8
23.Rb1 Nd7 24.Ne1 Qh4 25.Qd3 h6 26.Qc2 Kh7 27.Re3 Qd8 28.Nd3 Be7 29.Rf3 Rf8
30.b4 Qc7 31.Qc1 g5 32.Nf5 Nf6 33.Nxe7 Qxe7 34.bxc5 Rxb1 35.Qxb1 dxc5 36.Be3 Nd7
37.Nxc5 g4 38.hxg4 Nxc5 39.Qb4 Bxg4 40.Bxc5 Qg5 41.Be3  1-0

[Event "Politiken Cup"]
[Site "Copenhagen"]
[Date "1984.??.??"]
[Round "5"]
[White "Hartman, Christer"]
[Black "De Firmian, Nick E"]
[Result "0-1"]
[WhiteElo "2210"]
[BlackElo "2515"]

1.e4 c5 2.Nf3 d6 3.d4 cxd4 4.Nxd4 Nf6 5.f3 e5 6.Nb3 d5 7.Bg5 d4 8.c3 Nc6
9.Bb5 h6 10.Bxf6 Qxf6 11.cxd4 Bb4+ 12.Nc3 O-O 13.Bxc6 bxc6 14.dxe5 Qxe5 15.Qd4 Qe7
16.a3 Bd6 17.O-O-O Bf4+ 18.Kc2 Rb8 19.Nc5 Be6 20.g3 Be5 21.Qe3 Bd6 22.Rxd6 Qxd6
23.f4 Qe7 24.Rf1 f6 25.Rf2 Rfe8 26.Nxe6 Qxe6 27.Qxa7 Qb3+ 28.Kc1 Rbd8 29.Qe3 Qc4
30.Rd2 Kf7 31.Qe2 Qc5 32.Rxd8 Rxd8 33.Kc2 Qd4 34.e5 fxe5 35.fxe5 Ke6 36.Qf3 Qd2+
37.Kb3 Rb8+ 38.Kc4 Qxb2 39.Qxc6+ Kxe5 40.Qd5+ Kf6 41.Qc6+ Kf7 42.a4 Kg8 43.h4 Kh8
44.Qc7 Qb3+ 45.Kd4 Rf8 46.a5 Qb4+ 47.Ke5 Qg4 48.Kd5 Rf5+ 49.Kc6 Qg6+ 50.Kb7 Rf7
51.Nd5 Rxc7+ 52.Nxc7 Qxg3 53.a6 Qb3+ 54.Kc6 Qa4+ 55.Kb7 Qb4+ 56.Kc6 Qe4+  0-1

[Event "Politiken Cup"]
[Site "Copenhagen"]
[Date "1984.??.??"]
[Round "7"]
[White "De Firmian, Nick E"]
[Black "Kristiansen, Jens"]
[Result "1-0"]
[WhiteElo "2515"]
[BlackElo "2450"]

1.e4 c5 2.Nf3 Nc6 3.d4 cxd4 4.Nxd4 Nf6 5.Nc3 d6 6.Bc4 e6 7.Be3 a6 8.Qe2 Qc7
9.O-O-O Na5 10.Bd3 b5 11.g4 b4 12.Nb1 Bb7 13.Nd2 d5 14.f3 dxe4 15.fxe4 Be7
16.g5 Nd7 17.h4 Ne5 18.Kb1 Nac6 19.h5 Nxd4 20.Bxd4 Bc5 21.Bxc5 Qxc5 22.g6 f6
23.Nc4 O-O 24.gxh7+ Kh8 25.Rhg1 Rf7 26.Nxe5 Qxe5 27.Qg4 Raf8 28.Rde1 a5 29.Qg6 Qf4
30.Bc4 Bc8 31.e5 fxe5 32.b3 a4 33.Re4 Qf6 34.bxa4 Bb7 35.Ree1 Bf3 36.Bxe6 Bxh5
37.Qxf6 Rxf6 38.Rxe5 Bg6 39.Bb3 Kxh7 40.Rh1+  1-0

[Event "Lloyds Bank op"]
[Site "London"]
[Date "1984.??.??"]
[Round "5"]
[White "Pein, Malcolm"]
[Black "De Firmian, Nick E"]
[Result "1-0"]
[WhiteElo "2280"]
[BlackElo "2475"]

1.Nf3 c5 2.g3 Nc6 3.c4 e5 4.Nc3 g6 5.Bg2 Bg7 6.a3 a5 7.O-O d6 8.d3 Nge7 9.Rb1 O-O
10.Bg5 f6 11.Be3 Be6 12.Ne1 b6 13.Nd5 Rb8 14.Nc2 b5 15.cxb5 Bxd5 16.Bxd5+ Nxd5
17.bxc6 Qc7 18.Bd2 a4 19.e4 Ne7 20.Ne3 Qxc6 21.b4 axb3 22.Rxb3 f5 23.Qb1 Rbe8
24.Rb6 Qd7 25.Qb3+ Kh8 26.Rb7 Rc8 27.Nc4 f4 28.Nxd6 Qh3 29.Nf7+ Rxf7 30.Qxf7 f3
31.Qxf3 Rf8 32.Qg2 Qe6 33.Rfb1 Nc6 34.Be3 c4 35.dxc4 Qxc4 36.Rc7 Qa4 37.Rbb7 Rd8
38.h3 Bf6 39.Qf3 Qd1+ 40.Qxd1 Rxd1+ 41.Kg2 Nd8 42.Rb6 Bg7 43.Rc8 h6 44.Rbb8 Bf6
45.Bb6 Kg7 46.Bxd8 Bxd8 47.Rxd8 Ra1 48.Rd7+ Kf6 49.h4 Ke6 50.Ra7 Kd6 51.Rb5 g5
52.hxg5 hxg5 53.Ra6+ Kc7 54.Rxe5  1-0

[Event "New York op"]
[Site "New York"]
[Date "1984.??.??"]
[Round "2"]
[White "Roos, Daniel"]
[Black "De Firmian, Nick E"]
[Result "1/2-1/2"]
[WhiteElo "2385"]
[BlackElo "2515"]

1.e4 c5 2.Nc3 d6 3.g3 Nc6 4.Bg2 g6 5.d3 Bg7 6.f4 e5 7.Nh3 Nge7 8.O-O exf4
9.Bxf4 O-O 10.Qd2 Rb8 11.Bh6 b5 12.Bxg7 Kxg7 13.Nf4 f6 14.Ncd5 Nxd5 15.Nxd5 Be6
16.Ne3 b4 17.h4 h5 18.Rf2 Qe7 19.Kh2 Ne5 20.Bh3 Bxh3 21.Kxh3 Qe6+ 22.Kg2 Ng4
23.Nxg4 Qxg4 24.a3 bxa3 25.Rxa3 Rb7 26.b3 Qe6 27.Ra6 Rff7 28.Qc3 Rb6 29.Ra4 Rbb7
30.Ra6 Rb6 31.Ra4 Kh7 32.Qc4 Qxc4 33.dxc4 Kg7 34.Rf1 Rd7 35.Rfa1 Rbb7 36.R1a2 Kf7
37.Kf3 Ke6 38.Ra1 Rb6 39.Rd1 Re7 40.Rd5 a6 41.Ra1 Ra7 42.Ra5 Ra8 43.Rd1 Rg8
44.Rda1 g5 45.Rxa6 Rxa6 46.Rxa6 gxh4 47.gxh4 Rg4 48.b4 cxb4 49.c5 Ke5 50.cxd6 Rf4+
51.Kg3 Rxe4 52.d7 Rd4 53.Rb6 Rxd7 54.Rxb4 Rc7 55.Rb5+ Ke4 56.Rxh5 f5 57.Rh8 f4+
58.Kf2 Rxc2+ 59.Kg1 Kf3 60.Ra8 Kg3 61.Rg8+ Kf3 62.Ra8 Rc1+ 63.Kh2 Re1 64.h5 Re5
65.Ra3+ Kg4 66.Kg2 Re2+ 67.Kf1 Rh2 68.Rb3 Rd2 69.Ra3 Rh2 70.Rb3 Rd2 71.Ra3 f3  1/2-1/2